000 00682nam a22001937a 4500
999 _c8272
_d8272
003 AR-CdUCM
008 190322b ||||| |||| 00| 0 spa d
040 _aMUNICIPALIDAD PROVINCIAL DEL CUSCO
_cBIBLIOTECA MUNICIPAL DEL CUSCO
082 _a375.481 /
_bF84
100 _aFrisancho Pineda, Samuel
_917904
245 _aFolklore infantil /
260 _aPuno :
_bLos Andes,
300 _a63 páginas ;
_bilustraciones ;
_c24 cm.
500 _aDonación familia Nieto. Antes del título: "Año de los Derechos Humanos" IV Festival Folklórico Infantil.
650 _aFolclore en la educación infantil
_923271
650 _aPuno - Perú
_917146
942 _2ddc
_cLIBROS
945 _azta